|
|
|
|
| LEADER |
02019nam a22004692aa4500 |
| 001 |
001868897 |
| 003 |
CZ BrMZK |
| 005 |
20250801123012.0 |
| 007 |
ta |
| 008 |
230822m19972004xr a er|||||||||||cze d |
| 015 |
|
|
|a cnb001326147
|
| 020 |
|
|
|a 80-901881-6-8
|q (díl 1 ;
|q brož.)
|
| 020 |
|
|
|a 80-86149-39-0
|q (díl 2 ;
|q brož.)
|
| 035 |
|
|
|a (OCoLC)56873393
|
| 040 |
|
|
|a ABA001
|b cze
|
| 041 |
0 |
|
|a cze
|a ara
|
| 072 |
|
7 |
|a 37.016
|x Učební osnovy. Vyučovací předměty. Učebnice
|2 Konspekt
|9 22
|
| 072 |
|
7 |
|a 811.41
|x Afroasijské (hamitosemitské) jazyky
|2 Konspekt
|9 11
|
| 080 |
|
|
|a 811.411.21'271.12
|2 MRF
|
| 080 |
|
|
|a 81'36
|2 MRF
|
| 080 |
|
|
|a (075)
|2 MRF
|
| 100 |
1 |
|
|a Fleissig, Jiří,
|d 1946-
|7 jn19981001186
|4 aut
|
| 245 |
1 |
0 |
|a Základy moderní spisovné arabštiny /
|c Jiří Fleissig, Charif Bahbouh
|
| 250 |
|
|
|a 2. vyd.
|
| 260 |
|
|
|a Praha :
|b Dar Ibn Rushd,
|c 1997-2004
|
| 300 |
|
|
|a 2 sv. (155, 205 s.) :
|b il. ;
|c 24 cm
|
| 500 |
|
|
|a V textu ukázky arabské kaligrafie
|
| 500 |
|
|
|a Arabsko-český slovníček
|
| 500 |
|
|
|a V 1. díle údaj o vydání pouze v předmluvě
|
| 650 |
0 |
7 |
|a mluvnice
|7 ph115331
|2 czenas
|
| 650 |
0 |
7 |
|a spisovná arabština
|7 ph215910
|2 czenas
|
| 655 |
|
7 |
|a učebnice
|7 fd133770
|2 czenas
|
| 700 |
1 |
|
|a Bahbouh, Charif,
|d 1941-2020
|7 jn19990218002
|4 aut
|
| 856 |
4 |
1 |
|u http://www.digitalniknihovna.cz/mzk/uuid/uuid:71fb49d0-3107-11ee-9691-005056827e52
|y Digitalizovaný dokument
|x NDK
|
| 910 |
|
|
|a BOA001
|b 2-1122.288
|b 2-1035.467
|s 1-2 ; 1
|
| 920 |
|
|
|a 000208173
|
| 990 |
|
|
|a BK
|
| 991 |
|
|
|b 202308
|
| 996 |
6 |
|
|b 2610196222
|c 2-1122.288
|d 1.
|v 1
|l MZK
|r Sklad / do 1 hodiny
|n 3
|p p.v.
|w 001936163
|u 000020
|a 1
|e BOA001
|j MZK50
|s P
|
| 996 |
6 |
|
|b 2610219677
|c 2-1122.288
|d 2.
|v 2
|l MZK
|r Sklad / do 1 hodiny
|n 1
|p p.v.
|w 001936163
|u 000040
|a 1
|e BOA001
|j MZK50
|s P
|
| 996 |
6 |
|
|b 2610243639
|c 2-1122.288
|d 1.
|v 1
|l MZK
|r Sklad / do 1 hodiny
|n 44
|p kup
|w 001936163
|u 000030
|a 1
|e BOA001
|j MZK50
|s P
|
| 996 |
6 |
|
|b 2610765007
|c 2-1035.467
|d 1.
|v 1
|l MZK
|r Sklad / do 1 hodiny
|n 1
|p dar
|w 001936163
|u 000060
|a 1
|e BOA001
|j MZK50
|s P
|